| 000 | 00502nam a2200169 a 4500 | ||
|---|---|---|---|
| 001 | 000028453 | ||
| 005 | 20200930054942.0 | ||
| 008 | 110408s2010 dr 000 0 spa d | ||
| 020 | _a9789945163612 | ||
| 040 |
_aDO-SdBNP _bspa _cBNPHU |
||
| 082 |
_axxxx _bD313b |
||
| 245 | 0 | 0 |
_aDefiniciones básicas y normas estatutarias / _cprólogo Guillermo Moreno. |
| 260 |
_aSanto Domingo : _bAlianza País, _c2010. |
||
| 300 |
_a99 p. ; _c20 cm. |
||
| 700 | 1 |
_aMoreno, Guillermo, _epról. _931108 |
|
| 049 | _aBNPD | ||
| 999 |
_c27945 _d27945 |
||